| 000 | 00641cem a22001935a 4500 | ||
|---|---|---|---|
| 001 | L157652 | ||
| 008 | 130220s1872 xxk f 000 0 eng d | ||
| 035 | _a(Sirsi) u157652 | ||
| 041 | 0 | _aeng | |
| 100 | 1 |
_aBartholomew, John _d1831-1893 |
|
| 245 | 0 | 4 |
_aThe imperial map of England & Wales according to the ordnance survey, with the latest additions ... _cby John Bartholomew |
| 260 |
_aLondon _bA. Fullarton & Co. _c[1868-1872] |
||
| 300 |
_a18 sheets _c56 cm. |
||
| 520 | _aScale 1:253,440 | ||
| 583 |
_aCondition reviewed _c20120620 _lcondition level 2 |
||
| 651 | 4 |
_aEngland and Wales _y1543- |
|
| 690 |
_aGeomatics _96242 |
||
| 942 | _n0 | ||
| 999 |
_c114899 _d114899 |
||